monster high doll names - Statistics

General Stats
  • This quiz has been taken 352 times
  • The average score is 10 of 15
Answer Stats
Hint Answer % Correct
frankenstien frankie
98%
werewolf clawd
92%
mummy cleo
88%
werewolf clawdeen
86%
sea monster lagoona
82%
ghost spectra
67%
plant venus
67%
gargoyle rochelle
60%
robot robecca
58%
normie jackson
57%
other half holt
50%
vampire draculara
47%
phantom operetta
41%
zombie goulia
34%
medusa duece
32%
No matching quizzes found
Score Distribution
Percent of People with Each Score
Percentile by Number Answered
Your Score History
You have not taken this quiz